000 00487nam a2200169Ia 4500
005 20250424120256.0
008 250424s9999 xx 000 0 und d
022 _a25366874
050 _aHB 1 .E26/
245 0 _aJournal of economics and policy analysis
260 _aLagos
260 _bUniversity of lagos
260 _c2016
300 _aiii, 108 p. :ill. ; 23 cm.
650 _aEconomics--Periodicals. Microeconomics--Periodicals. Economic policy--Periodicals.
942 _cSR
999 _c38390
_d38390